The classical theory of electricity and magnetism /
Guardado en:
| Autor Principal: | |
|---|---|
| Otros Autores: | |
| Formato: | Libro |
| Idioma: | English German |
| Publicado: |
London :
Blackie & Son,
1950.
|
| Edición: | 2nd ed. |
| Series: | The student's physics ;
[Vol. v] |
| Etiquetas: |
Agregar Etiqueta
Sin Etiquetas, Sea el primero en etiquetar este registro!
|
| LEADER | 00813cam a22002171a 4500 | ||
|---|---|---|---|
| 001 | MAT.inmabb002514 | ||
| 008 | 780411s1950####enka##########001#0#eng## | ||
| 005 | 20130225103322.0 | ||
| 245 | 1 | 4 | |a The classical theory of electricity and magnetism / |c by Max Abraham ; revised by Richard Becker ; authorized translation by John Dougall. |
| 250 | |a 2nd ed. | ||
| 260 | |a London : |b Blackie & Son, |c 1950. | ||
| 300 | |a xiv, 289 p. : |b il. ; |c 23 cm. | ||
| 440 | 4 | |a The student's physics ; |v [Vol. v] | |
| 500 | |a Traducción de la 14ª ed. alemana, 1949 : Theorie der Elektrizität. | ||
| 100 | 1 | |a Abraham, Max, |d 1875-1922. | |
| 700 | 1 | |a Becker, Richard, |d 1887-1955. | |
| 084 | |a 78A25 (78-01 84A10) | ||
| 010 | |a 33006461 | ||
| 040 | |a DLC |c IaFairM |d OCoLC |d DLC | ||
| 041 | 1 | |a eng |h ger | |
| 859 | |h 78 |i Ab159 |p A-8173 |b BIB. MATEMATICA | ||
